00341nam a2200121Ia 4500008004100000020002100041041000800062082002800070100001700098245005900115260003600174300000900210230519s9999 xx 000 0 und d a97815-43346-87-9 aeng aMS/610.73677/ANS/DB1104 aAnsari Javed aTextbook of Adult Health Nursing-I Semester-III Part A bS Vikas and CoaJalandharc2022 a760p